[Event "World Blitz Championship"]
[Site "New York, NY USA"]
[Date "2024.12.30"]
[Round "13.20"]
[White "Arjun Erigaisi"]
[Black "Kazybek Nogerbek"]
[Result "0-1"]
[EventDate "2024.12.30"]
[WhiteElo "2801"]
[BlackElo "2527"]
[PlyCount "146"]

1. d4 Nf6 2. c4 e6 3. Bg5 h6 4. Bh4 Bb4+ 5. Nd2 c5 6. e3 cxd4 7. exd4 d5 8. c5 Nc6 9. Nf3 g5 10. Bg3 Ne4 11. Bb5 Qa5 12. Bxc6+ bxc6 13. a3 Bxd2+ 14. Nxd2 Qxd2+ 15. Qxd2 Nxd2 16. Kxd2 f6 17. h4 g4 18. h5 Kf7 19. Rh4 a5 20. Rxg4 e5 21. Rh4 Rb8 22. Kc3 Re8 23. b3 Bf5 24. Ra2 Rb7 25. Rb2 exd4+ 26. Rxd4 Re1 27. Bf4 Rh1 28. f3 Be6 29. g4 Rh3 30. Rd3 f5 31. g5 hxg5 32. Bxg5 Rxh5 33. Be3 Rh3 34. Bf4 Rb5 35. b4 Rh4 36. Rd4 Rh3 37. Rf2 axb4+ 38. axb4 Rb7 39. Be5 Rh1 40. Rg2 Rh7 41. Rd1 Ra7 42. Kb2 d4 43. Kb1 Bd5 44. Rxd4 Bxf3 45. Rf2 Rh3 46. Rf4 Ke6 47. Bb8 Rb7 48. Bd6 Be4+ 49. Kc1 Rxb4 50. Re2 Kd5 51. Rff2 Rb1+ 52. Kd2 Rd3+ 53. Kc2 Rdd1+ 54. Kc3 Rd3+ 55. Kc2 Rdb3+ 56. Kd2 Kc4 57. Rf4 Rd3+ 58. Kc2 Rdd1+ 59. Rfxe4+ fxe4 60. Rxe4+ Kb5 61. Re8 Rdc1+ 62. Kd3 Rb3+ 63. Kd2 Rbc3 64. Rh8 R1c2+ 65. Kd1 Ra2 66. Bf4 Rf3 67. Bd2 Rd3 68. Rh2 Kxc5 69. Kc1 Rdxd2 70. Rxd2 Rxd2 71. Kxd2 Kd4 72. Kc2 Kc4 73. Kd2 Kb3 0-1

[Event "World Rapid Championship"]
[Site "New York, NY USA"]
[Date "2024.12.28"]
[Round "11.4"]
[White "Arjun Erigaisi"]
[Black "Nodirbek Abdusattorov"]
[Result "1-0"]
[EventDate "2024.12.26"]
[WhiteElo "2694"]
[BlackElo "2740"]
[PlyCount "90"]

1. d4 Nf6 2. c4 g6 3. Nc3 Bg7 4. e4 d6 5. Be2 O-O 6. Bg5 c5 7. d5 e6 8. Nf3 h6 9. Be3 exd5 10. cxd5 Na6 11. Nd2 Nc7 12. O-O Re8 13. Qc2 b6 14. Rfe1 Rb8 15. a4 Na6 16. Na2 Ng4 17. Bxg4 Bxg4 18. f3 Bd7 19. Nc4 Qf6 20. Nc3 Nc7 21. Qd2 b5 22. e5 dxe5 23. Ne4 Qh4 24. Ncd6 Red8 25. Bxc5 bxa4 26. Bxa7 Rb3 27. Nc5 Rb4 28. Nxd7 Rxd7 29. g3 Rd4 30. Bxd4 Qxd4+ 31. Qxd4 exd4 32. Nc4 Rxd5 33. Rxa4 d3 34. Rd1 Ne6 35. Kg2 Rd8 36. b4 Rc8 37. b5 Nc5 38. Rb4 Bf8 39. b6 Rc6 40. Na5 Re6 41. b7 Re2+ 42. Kf1 Rxh2 43. Kg1 Nxb7 44. Rxb7 Ra2 45. Nb3 1-0

[Event "World Rapid Championship"]
[Site "New York, NY USA"]
[Date "2024.12.28"]
[Round "12.3"]
[White "Arjun Erigaisi"]
[Black "Dominguez Perez, Leinier"]
[Result "1/2-1/2"]
[EventDate "2024.12.26"]
[WhiteElo "2694"]
[BlackElo "2699"]
[PlyCount "68"]

1. d4 d5 2. Nf3 Nf6 3. Bf4 e6 4. e3 c5 5. c3 Nc6 6. Nbd2 Be7 7. Ne5 c4 8. h4 O-O 9. b3 cxb3 10. axb3 Nxe5 11. dxe5 Ne4 12. Nxe4 dxe4 13. Qc2 Qc7 14. Be2 Bd7 15. O-O Bxh4 16. Qxe4 Bc6 17. Qc2 Rfd8 18. Rfd1 Rxd1+ 19. Rxd1 Rd8 20. Rd4 Be7 21. b4 b5 22. Qd2 a5 23. bxa5 Qxa5 24. f3 Rc8 25. Bg3 Be8 26. Be1 Qc7 27. f4 Bc5 28. Rd3 Bc6 29. Bf2 h6 30. Qb2 Qb6 31. Qd2 Be4 32. Rd7 Bc6 33. Rd3 Be4 34. Rd7 Bc6 1/2-1/2

[Event "World Rapid Championship"]
[Site "New York, NY USA"]
[Date "2024.12.28"]
[Round "13.5"]
[White "Alireza Firouzja"]
[Black "Arjun Erigaisi"]
[Result "1/2-1/2"]
[EventDate "2024.12.26"]
[WhiteElo "2756"]
[BlackElo "2694"]
[PlyCount "180"]

1. e4 e6 2. d4 d5 3. Nc3 Nf6 4. e5 Nfd7 5. f4 c5 6. Nf3 Nc6 7. Be3 h6 8. Qd2 g5 9. dxc5 gxf4 10. Bxf4 Nxc5 11. Be2 Bd7 12. Qe3 Qb6 13. O-O-O O-O-O 14. Rhf1 a6 15. Nd4 Be8 16. Kb1 Nd7 17. Nxc6 Qxc6 18. Qh3 Be7 19. a3 Nb6 20. Be3 Kb8 21. Bd4 Rc8 22. Qe3 Bc5 23. Bd3 Bxd4 24. Qxd4 Nd7 25. g4 Qb6 26. Qxb6 Nxb6 27. Rf4 Kc7 28. Re1 Nd7 29. Na2 Kd8 30. Nc1 Ke7 31. Nb3 Rc7 32. Nd4 Nc5 33. h4 Rf8 34. Re3 Bc6 35. b4 Nd7 36. Kc1 Ba4 37. Kd2 Rfc8 38. g5 hxg5 39. hxg5 Rg8 40. g6 fxg6 41. Rh4 Nf8 42. Rh6 Be8 43. Rg3 Kd8 44. Ke3 Rcg7 45. Be2 Ke7 46. Nb3 Nd7 47. Rg5 Nf8 48. Nc5 Bc6 49. Bd3 Kf7 50. Rh4 Rh7 51. Rf4+ Ke7 52. Rf6 Rf7 53. Rxf7+ Kxf7 54. Nb3 Rh8 55. Na5 Rh3+ 56. Kd4 Ke7 57. Bxg6 Rxa3 58. Bd3 Nd7 59. Rg7+ Kd8 60. Rg6 Ke7 61. Rg7+ Kd8 62. Rh7 Ra4 63. c3 Ra1 64. Rh6 Rd1 65. Nxc6+ bxc6 66. Rxe6 c5+ 67. Ke3 Re1+ 68. Kf4 c4 69. Bf5 Rf1+ 70. Kg5 Rg1+ 71. Kf4 Rf1+ 72. Kg5 Rg1+ 73. Bg4 Kc7 74. Kf4 Rf1+ 75. Ke3 Re1+ 76. Be2 Nb8 77. Kd2 Ra1 78. Bf3 Ra2+ 79. Ke3 Rc2 80. Bxd5 Rxc3+ 81. Kd4 Rc1 82. Bxc4 Rd1+ 83. Kc3 Rc1+ 84. Kd4 Rd1+ 85. Bd3 Nc6+ 86. Kc5 Nxe5 87. Bxa6 Nd7+ 88. Kc4 Rd6 89. Rxd6 Kxd6 90. b5 1/2-1/2

[Event "World Rapid Championship"]
[Site "New York, NY USA"]
[Date "2024.12.27"]
[Round "6.8"]
[White "Ray Robson"]
[Black "Arjun Erigaisi"]
[Result "0-1"]
[EventDate "2024.12.26"]
[WhiteElo "2700"]
[BlackElo "2801"]
[PlyCount "84"]

1. d4 d5 2. c4 e6 3. Nc3 c6 4. e4 dxe4 5. Nxe4 Bb4+ 6. Bd2 Qxd4 7. Bxb4 Qxe4+ 8. Ne2 Na6 9. Bf8 Qg6 10. Bd6 e5 11. Bxe5 Nb4 12. Nf4 Qf5 13. Qd6 f6 14. Bc3 Nc2+ 15. Kd2 Nxa1 16. Bd3 Qd7 17. Re1+ Kf7 18. Qc5 g6 19. Ne6 Qxe6 20. Rxe6 Bxe6 21. Qd4 c5 22. Qxc5 Rd8 23. Ke2 Nh6 24. Qc7+ Rd7 25. Qf4 Bf5 26. Bxf5 Nxf5 27. Qc1 Re8+ 28. Kf1 Red8 29. Ke2 Nd4+ 30. Bxd4 Rxd4 31. g3 Rd1 32. Qxd1 Rxd1 33. Kxd1 Ke6 34. Kd2 Ke5 35. Kd3 a5 36. b3 g5 37. f3 f5 38. Kc3 g4 39. fxg4 fxg4 40. a3 b6 41. a4 Nxb3 42. Kxb3 0-1

[Event "World Rapid Championship"]
[Site "New York, NY USA"]
[Date "2024.12.27"]
[Round "8.4"]
[White "Shant Sargsyan"]
[Black "Arjun Erigaisi"]
[Result "0-1"]
[EventDate "2024.12.26"]
[WhiteElo "2601"]
[BlackElo "2694"]
[PlyCount "112"]

1. e4 e6 2. d4 d5 3. exd5 exd5 4. Nf3 Nf6 5. Bd3 c5 6. c3 Bd6 7. O-O O-O 8. dxc5 Bxc5 9. Nbd2 Nc6 10. Nb3 Bb6 11. h3 Ne4 12. Nbd4 Qf6 13. Be3 Bc7 14. c4 Nxd4 15. Bxd4 Qg6 16. Be5 Bb6 17. cxd5 Bxh3 18. Nh4 Qg5 19. Bxe4 Qxe5 20. Bxh7+ Kxh7 21. Qd3+ g6 22. Qxh3 Kg7 23. Qc3 Bd4 24. Qd2 Qe4 25. Nf3 Bf6 26. Rfe1 Qf5 27. Re3 Rh8 28. Nh2 Rh4 29. Qd3 Qxd3 30. Rxd3 Rah8 31. Rh3 Rxh3 32. gxh3 Rxh3 33. Ng4 Bxb2 34. Rb1 Bd4 35. Kg2 Rh5 36. d6 Rd5 37. Rxb7 Rxd6 38. Rb4 Bb6 39. a4 Rd4 40. Rxd4 Bxd4 41. f4 f5 42. Nh2 Kf7 43. Nf3 Bf6 44. Kf2 Ke6 45. Ke3 Kd5 46. Kd3 Kc5 47. a5 Kb5 48. a6 Kxa6 49. Kc4 Kb6 50. Ne1 a5 51. Nd3 Kc6 52. Nc5 Be7 53. Nb3 a4 54. Nd4+ Kd7 55. Nf3 a3 56. Kb3 Ke6 0-1

[Event "World Rapid Championship"]
[Site "New York, NY USA"]
[Date "2024.12.27"]
[Round "9.1"]
[White "Arjun Erigaisi"]
[Black "Jan-Krzysztof Duda"]
[Result "1/2-1/2"]
[EventDate "2024.12.26"]
[WhiteElo "2694"]
[BlackElo "2740"]
[PlyCount "134"]

1. d4 Nf6 2. c4 e6 3. Nc3 Bb4 4. f3 d5 5. a3 Bxc3+ 6. bxc3 c5 7. cxd5 Nxd5 8. dxc5 Qa5 9. e4 Ne7 10. Be3 O-O 11. Qb3 Qc7 12. Bb5 e5 13. Ne2 Be6 14. Qb4 Nec6 15. Qa4 Na5 16. Rb1 a6 17. Bd3 Nd7 18. Qb4 Rfc8 19. Kf2 Nxc5 20. Bc2 b5 21. Bxc5 Qxc5+ 22. Qxc5 Rxc5 23. a4 Nc4 24. Ra1 Kf8 25. Rhb1 bxa4 26. Bxa4 a5 27. Rb7 Bc8 28. Rbb1 Ke7 29. Nc1 Rc7 30. Nd3 f6 31. Bd1 Nd6 32. Ra3 Be6 33. Be2 Nc4 34. Ra4 Raa7 35. Ke1 Kd6 36. Rba1 Rab7 37. g3 Rb3 38. Rc1 Ra3 39. Rxa3 Nxa3 40. Kd2 Nc4+ 41. Kc2 Rb7 42. Ra1 g5 43. f4 Bf7 44. fxe5+ fxe5 45. Ra4 Ra7 46. Ra1 Rb7 47. Ra4 Rb8 48. Nc1 Rb2+ 49. Kd1 Ne3+ 50. Ke1 Rc2 51. Bd3 Ng2+ 52. Kd1 Ne3+ 53. Ke1 Rxh2 54. Rxa5 Rh1+ 55. Kd2 Nc4+ 56. Bxc4 Bxc4 57. Nd3 Rh2+ 58. Ke3 Bxd3 59. Kxd3 Rh3 60. Kc4 Rxg3 61. Ra6+ Ke7 62. Kd5 Rxc3 63. Kxe5 Rc5+ 64. Kd4 Rc7 65. Ke5 Rc5+ 66. Kd4 Rc7 67. Ke5 Rc5+ 1/2-1/2

[Event "World Rapid Championship"]
[Site "New York, NY USA"]
[Date "2024.12.26"]
[Round "1.16"]
[White "Arjun Erigaisi"]
[Black "David Brodsky"]
[Result "1-0"]
[EventDate "2024.12.26"]
[WhiteElo "2801"]
[BlackElo "2538"]
[PlyCount "116"]

1. d4 Nf6 2. Bg5 Ne4 3. Bf4 c5 4. f3 Qa5+ 5. c3 Nf6 6. d5 e6 7. e4 exd5 8. exd5 d6 9. Na3 Be7 10. Nc4 Qd8 11. g4 O-O 12. a4 Ne8 13. Qd2 Bh4+ 14. Kd1 Na6 15. Ne2 Nac7 16. Ng3 b6 17. Nf5 Bxf5 18. gxf5 Nf6 19. Bxd6 Re8 20. Bd3 Nfxd5 21. Rg1 Ne3+ 22. Kc1 Ncd5 23. Nxe3 Nxe3 24. Bf4 Bf2 25. Qxf2 Qxd3 26. f6 Rad8 27. Bxe3 Rxe3 28. Qc2 g6 29. a5 b5 30. Qxd3 Rdxd3 31. Rg5 Rxf3 32. Rxc5 Rxf6 33. Kc2 Rh3 34. Rxb5 Rxh2+ 35. Kb3 h5 36. a6 h4 37. Rb7 h3 38. Rxa7 Rb6+ 39. Kc4 Rbxb2 40. Re7 Ra2 41. Ree1 Rhe2 42. Rh1 g5 43. a7 g4 44. a8=Q+ Rxa8 45. Rxa8+ Kg7 46. Kd3 Re6 47. Ra4 f5 48. c4 Kg6 49. c5 Kg5 50. Rc4 f4 51. c6 Re3+ 52. Kd2 Re8 53. c7 Rc8 54. Ke2 Kf5 55. Kf2 Kg5 56. Rd1 g3+ 57. Kf3 h2 58. Rh1 1-0

[Event "World Rapid Championship"]
[Site "New York, NY USA"]
[Date "2024.12.26"]
[Round "2.10"]
[White "Victor Bologan"]
[Black "Arjun Erigaisi"]
[Result "0-1"]
[EventDate "2024.12.26"]
[WhiteElo "2600"]
[BlackElo "2801"]
[PlyCount "68"]

1. e4 c5 2. Nf3 e6 3. d4 cxd4 4. Nxd4 Nf6 5. Nc3 Bb4 6. e5 Nd5 7. Bd2 Nxc3 8. bxc3 Bf8 9. Bd3 Na6 10. O-O Nc5 11. Re1 b6 12. Qf3 Bb7 13. Qg3 a6 14. a4 Qc7 15. c4 d5 16. cxd5 Bxd5 17. c4 Nxd3 18. Qxd3 Qxc4 19. Qxc4 Bxc4 20. Rec1 Bd5 21. Be3 Bc5 22. f4 Kd7 23. Kf2 Rhc8 24. g3 Rc7 25. a5 b5 26. Nf5 Rac8 27. Rxc5 Rxc5 28. Bxc5 Rxc5 29. Nd4 b4 30. Rb1 Rc4 31. Ke3 b3 32. Kd3 Ra4 33. Nxb3 Ra3 34. Kc3 Kc6 0-1

[Event "World Rapid Championship"]
[Site "New York, NY USA"]
[Date "2024.12.26"]
[Round "3.7"]
[White "Arjun Erigaisi"]
[Black "Samuel Sevian"]
[Result "0-1"]
[EventDate "2024.12.26"]
[WhiteElo "2801"]
[BlackElo "2696"]
[PlyCount "198"]

1. d4 Nf6 2. c4 e6 3. Nc3 Bb4 4. Nf3 d5 5. cxd5 exd5 6. Bf4 Ne4 7. Rc1 Nd7 8. e3 g5 9. Be5 Nxe5 10. Nxe5 Qf6 11. Qc2 Nxc3 12. bxc3 Bd6 13. Bd3 Bxe5 14. dxe5 Qxe5 15. O-O Be6 16. Rb1 b6 17. Kh1 g4 18. Qa4+ Ke7 19. e4 dxe4 20. Bxe4 Rad8 21. f4 Qa5 22. Qc6 Qc5 23. Qa4 Qc4 24. Qa3+ Rd6 25. f5 Qxe4 26. Rbe1 Qc6 27. fxe6 fxe6 28. Qb4 Kd7 29. Qxg4 Kc8 30. c4 h5 31. Qe2 Rg8 32. c5 Qxc5 33. Rc1 Qg5 34. Qc2 Qg7 35. a4 a5 36. Rf3 Rgd8 37. Rf2 Kb8 38. Rcf1 Qg5 39. h3 Rd2 40. Rxd2 Rxd2 41. Qc6 Qe7 42. Qc3 Rd8 43. Rb1 Qg5 44. Qc4 Qd5 45. Qf4 e5 46. Qf6 Rg8 47. Rb2 Kb7 48. Qf5 h4 49. Kh2 Qd4 50. Rf2 Qxa4 51. Qxe5 Qc6 52. Qh5 Qe4 53. Qf7 Qe5+ 54. Kg1 Rd8 55. Qf3+ Ka7 56. Rc2 Rd4 57. Rc1 Qd6 58. Kh1 a4 59. Ra1 Qc5 60. Qf1 Rc4 61. Qd1 a3 62. Qb1 Ra4 63. Qb3 Ra5 64. Qa2 Qc3 65. Rb1 Re5 66. Qf2 Kb7 67. Rd1 Re4 68. Rf1 Qd3 69. Rc1 Re6 70. Qxh4 Rc6 71. Ra1 Qc3 72. Rg1 a2 73. Qa4 Qb2 74. Kh2 Rc5 75. Re1 Re5 76. Rd1 Re2 77. Kh1 Qc3 78. Rg1 Qe5 79. Qa3 Qd4 80. Rc1 Qe4 81. Qg3 Rc2 82. Rf1 b5 83. h4 b4 84. Qg5 Qxg2+ 85. Qxg2+ Rxg2 86. Kxg2 b3 87. Ra1 b2 88. Rxa2 b1=Q 89. Rf2 Qg6+ 90. Kh3 c5 91. Rf4 Kc6 92. Rg4 Qf5 93. Kg3 Qd3+ 94. Kf4 c4 95. h5 c3 96. Rg6+ Kd5 97. Rg8 Qe4+ 98. Kg5 Qe5+ 99. Kh4 Qf4+ 0-1

[Event "World Rapid Championship"]
[Site "New York, NY USA"]
[Date "2024.12.26"]
[Round "4.22"]
[White "Corrales Jimenez, Fidel"]
[Black "Arjun Erigaisi"]
[Result "0-1"]
[EventDate "2024.12.26"]
[WhiteElo "2555"]
[BlackElo "2801"]
[PlyCount "52"]

1. d4 Nf6 2. c4 e6 3. Nf3 d5 4. Nc3 Nbd7 5. cxd5 exd5 6. Bf4 Bb4 7. Qb3 c5 8. dxc5 a5 9. a3 Nxc5 10. Qc2 Bxc3+ 11. Qxc3 Ne6 12. Be3 O-O 13. Rd1 Bd7 14. g3 Rc8 15. Qb3 a4 16. Qd3 Qa5+ 17. Qd2 Qxd2+ 18. Bxd2 Rc2 19. Rb1 Ne4 20. e3 N6c5 21. Bb4 Rc8 22. Bxc5 R8xc5 23. Bd3 Rc1+ 24. Ke2 Rxb1 25. Rxb1 Bg4 26. b4 axb3 0-1

[Event "World Rapid Championship"]
[Site "New York, NY USA"]
[Date "2024.12.26"]
[Round "5.15"]
[White "Arjun Erigaisi"]
[Black "Eltaj Safarli"]
[Result "1-0"]
[EventDate "2024.12.26"]
[WhiteElo "2694"]
[BlackElo "2611"]
[PlyCount "58"]

1. d4 Nf6 2. Bf4 d5 3. e3 c5 4. Nf3 Nc6 5. Nbd2 Bg4 6. c3 e6 7. Qb3 Qc8 8. h3 Bh5 9. Nh4 Be7 10. g4 Nd7 11. Bg3 Bxh4 12. Bxh4 Bg6 13. Qa3 h5 14. dxc5 hxg4 15. hxg4 Nde5 16. O-O-O f6 17. Be2 O-O 18. f4 Nd3+ 19. Bxd3 Bxd3 20. g5 fxg5 21. Bxg5 e5 22. Qb3 Qe6 23. e4 Bc4 24. Nxc4 dxc4 25. Qxb7 Rab8 26. f5 Qxf5 27. Qxg7+ Kxg7 28. Bh6+ Kf6 29. Rd6+ 1-0

[Event "Qatar Masters Open 2024"]
[Site "Doha QAT"]
[Date "2024.12.09"]
[Round "6.2"]
[White "Arjun Erigaisi"]
[Black "David Paravyan"]
[Result "1-0"]
[EventDate "2024.12.03"]
[WhiteElo "2801"]
[BlackElo "2620"]
[PlyCount "84"]

1. Nf3 d5 2. c4 d4 3. b4 c5 4. Bb2 Nf6 5. g3 h5 6. Qa4+ Bd7 7. b5 h4 8. Nxh4 e5 9. d3 e4 10. dxe4 Rxh4 11. gxh4 Nxe4 12. Bg2 Qxh4 13. Rf1 f5 14. Qc2 a6 15. a4 axb5 16. cxb5 Be6 17. Nd2 Bd5 18. a5 g6 19. Ra3 c4 20. Rh3 Qg4 21. Nxe4 fxe4 22. Rg3 Bb4+ 23. Kd1 Qe6 24. Bxd4 Rxa5 25. Bc3 Qd6 26. Kc1 Rxb5 27. Bxb4 Qxb4 28. Bxe4 c3 29. Bxg6+ Ke7 30. Rxc3 Nc6 31. Qd2 Qa4 32. Qe3+ Kf6 33. Bc2 Qa1+ 34. Kd2 Qxf1 35. Qf4+ Ke7 36. Re3+ Be6 37. Qc7+ Kf6 38. Rf3+ Bf5 39. Bxf5 Ne5 40. Qd8+ Kf7 41. Be6+ Kxe6 42. Rf6# 1-0

[Event "Qatar Masters Open 2024"]
[Site "Doha QAT"]
[Date "2024.12.07"]
[Round "5.4"]
[White "Surya Shekhar Ganguly"]
[Black "Arjun Erigaisi"]
[Result "0-1"]
[EventDate "2024.12.03"]
[WhiteElo "2578"]
[BlackElo "2801"]
[PlyCount "74"]

1. e4 c5 2. Nf3 d6 3. d4 cxd4 4. Nxd4 Nf6 5. Nc3 a6 6. Be3 e5 7. Nb3 Be6 8. f3 Be7 9. Qd2 h5 10. Be2 Nbd7 11. Nd5 Bxd5 12. exd5 Qc7 13. Rc1 h4 14. O-O Nh5 15. Rfe1 O-O 16. Na5 f5 17. b4 h3 18. gxh3 Bh4 19. Rf1 Ndf6 20. c4 f4 21. Bf2 Bxf2+ 22. Rxf2 e4 23. Qd4 Rae8 24. c5 Re5 25. Rd1 dxc5 26. Qxc5 Qf7 27. Rg2 exf3 28. Bxf3 Ne4 29. Qd4 Ng5 30. Bg4 Qe8 31. Rf2 f3 32. Kf1 Rf4 33. Qd3 Rfe4 34. Be6+ Kh8 35. Rc1 Nf4 36. Qb3 Nxd5 37. Rxf3 Nxf3 0-1

[Event "Qatar Masters Open 2024"]
[Site "Doha QAT"]
[Date "2024.12.05"]
[Round "3.9"]
[White "Saidakbar Saydaliev"]
[Black "Arjun Erigaisi"]
[Result "0-1"]
[EventDate "2024.12.03"]
[WhiteElo "2473"]
[BlackElo "2801"]
[PlyCount "72"]

1. e4 e5 2. Nf3 Nc6 3. Bc4 Nf6 4. d3 h6 5. a4 d6 6. a5 g6 7. c3 Bg7 8. a6 b6 9. O-O O-O 10. Re1 Re8 11. Nbd2 Rb8 12. Bb5 Bd7 13. Nc4 Ne7 14. Bxd7 Qxd7 15. Be3 Ng4 16. Bd2 f5 17. b4 Rf8 18. Qe2 Rbe8 19. h3 Nf6 20. Nh4 Kh7 21. exf5 gxf5 22. Qf3 e4 23. dxe4 fxe4 24. Qd1 Qe6 25. Ne3 Nfd5 26. Qc2 Bf6 27. Nf3 Nxe3 28. Bxe3 Nf5 29. Nd4 Bxd4 30. Bxd4 Rg8 31. f3 Nh4 32. Kh1 Nxf3 33. Rf1 Ref8 34. gxf3 Qxh3+ 35. Qh2 Qxh2+ 36. Kxh2 Rf5 0-1

[Event "Qatar Masters Open 2024"]
[Site "Doha QAT"]
[Date "2024.12.04"]
[Round "2.1"]
[White "Arjun Erigaisi"]
[Black "Murtas Kazhgaleyev"]
[Result "1/2-1/2"]
[EventDate "2024.12.03"]
[WhiteElo "2801"]
[BlackElo "2488"]
[PlyCount "106"]

1. d4 e6 2. Nf3 Nf6 3. Bf4 c5 4. e3 cxd4 5. exd4 b6 6. Nbd2 Bb7 7. Bd3 Be7 8. h4 Na6 9. a3 Nc7 10. h5 d6 11. Qe2 a6 12. O-O-O Ncd5 13. Bg3 b5 14. Ng5 b4 15. axb4 Nxb4 16. Bc4 d5 17. Bb3 O-O 18. c3 a5 19. cxb4 a4 20. Bc2 Bxb4 21. Be5 h6 22. Bxf6 Qxf6 23. Nh7 Qxd4 24. Ne4 Qe5 25. Nef6+ gxf6 26. Qg4+ Kh8 27. Qxb4 Rfc8 28. Qe7 Rxc2+ 29. Kxc2 Qf5+ 30. Kc3 Qe5+ 31. Kc2 Qf5+ 32. Kd2 Qf4+ 33. Ke1 Qe4+ 34. Kf1 Ba6+ 35. Kg1 Rg8 36. Qxf6+ Kxh7 37. g3 Be2 38. Rd4 Qf3 39. Qxf3 Bxf3 40. Rhh4 Rc8 41. g4 e5 42. Rxa4 d4 43. Ra7 Bd5 44. f3 Kg7 45. Kf2 Kf6 46. Kg3 Rc2 47. Ra6+ Ke7 48. Rh2 Rxh2 49. Kxh2 d3 50. Ra7+ Ke6 51. Ra6+ Ke7 52. Ra7+ Ke6 53. Ra6+ 1/2-1/2

[Event "Qatar Masters Open 2024"]
[Site "Doha QAT"]
[Date "2024.12.03"]
[Round "1.1"]
[White "Mukhammadali Abdurakhmonov"]
[Black "Arjun Erigaisi"]
[Result "0-1"]
[EventDate "2024.12.03"]
[WhiteElo "2395"]
[BlackElo "2801"]
[PlyCount "84"]

1. d4 Nf6 2. Bf4 e6 3. Nf3 c5 4. e3 Nc6 5. Nbd2 h6 6. c3 Nh5 7. dxc5 Nxf4 8. exf4 Bxc5 9. Ne4 b6 10. Nd6+ Bxd6 11. Qxd6 Qe7 12. Qxe7+ Kxe7 13. O-O-O Bb7 14. h4 Rac8 15. Kb1 Rhd8 16. Be2 d6 17. Rhe1 Nb8 18. g3 Nd7 19. Nd4 Nf6 20. g4 Ba8 21. g5 Ne4 22. f3 Nf2 23. Rd2 Nh3 24. f5 Nf4 25. Bd1 hxg5 26. hxg5 Rc5 27. Bc2 e5 28. f6+ gxf6 29. Nf5+ Ke6 30. Ng7+ Kd7 31. gxf6 Bxf3 32. b4 Rd5 33. Rh2 Bg4 34. Bb3 Rd3 35. Bxf7 Rxc3 36. Rh4 Rf8 37. Bb3 Ng2 38. Rxg4 Nxe1 39. Ba4+ Kc8 40. Kb2 Rf3 41. Ne6 Nd3+ 42. Kc2 Rh8 0-1

[Event "Tata Steel India Rapid"]
[Site "Kolkata IND"]
[Date "2024.11.15"]
[Round "9"]
[White "Rameshbabu Praggnanandhaa"]
[Black "Arjun Erigaisi"]
[Result "1-0"]
[EventDate "2024.11.13"]
[WhiteElo "2737"]
[BlackElo "2799"]
[PlyCount "102"]

1. c4 b6 2. Nc3 Bb7 3. d4 e6 4. a3 Nf6 5. Nf3 d5 6. cxd5 Nxd5 7. Qc2 Be7 8. e4 Nxc3 9. bxc3 O-O 10. Bd3 c5 11. O-O h6 12. Qe2 Nc6 13. Be3 Rc8 14. Rfd1 Na5 15. d5 c4 16. Bc2 exd5 17. exd5 Nb3 18. Rab1 Qd6 19. Bf4 Qxf4 20. Qxe7 Qb8 21. Qe4 g6 22. Qh4 Kg7 23. Bxb3 cxb3 24. Qd4+ f6 25. c4 Qc7 26. Rdc1 Rfd8 27. Qb2 Re8 28. Nd4 Qf4 29. Ne6+ Rxe6 30. dxe6 Qg4 31. f3 Qxe6 32. Qxb3 Ba6 33. Re1 Qf7 34. Re3 Bxc4 35. Qb4 Rc7 36. Rbe1 Qf8 37. Re7+ Rxe7 38. Rxe7+ Bf7 39. Rxa7 Qd8 40. h4 h5 41. Rb7 Qd1+ 42. Kh2 Qd5 43. Rxb6 Qe5+ 44. Kg1 Bd5 45. Kf2 g5 46. Qb2 Qf4 47. Rb4 Qf5 48. hxg5 Qxg5 49. Qd4 Bf7 50. Rb7 h4 51. Qg4 1-0

[Event "Tata Steel India Rapid"]
[Site "Kolkata IND"]
[Date "2024.11.15"]
[Round "7"]
[White "Daniil Dubov"]
[Black "Arjun Erigaisi"]
[Result "1/2-1/2"]
[EventDate "2024.11.13"]
[WhiteElo "2693"]
[BlackElo "2799"]
[PlyCount "46"]

1. d4 Nf6 2. Nf3 e6 3. c4 d5 4. g3 Bb4+ 5. Nbd2 O-O 6. Bg2 b6 7. O-O Bb7 8. b3 dxc4 9. Nxc4 Nbd7 10. Bb2 Be7 11. Rc1 c5 12. dxc5 Nxc5 13. Nfe5 Bxg2 14. Qxd8 Rfxd8 15. Kxg2 Rac8 16. Ne3 Nfd7 17. Nxd7 Nxd7 18. Rfd1 Rxc1 19. Rxc1 Nc5 20. Kf3 f6 21. Rd1 Rxd1 22. Nxd1 Kf7 23. Nc3 1/2-1/2

[Event "Tata Steel India Rapid"]
[Site "Kolkata IND"]
[Date "2024.11.15"]
[Round "8"]
[White "Arjun Erigaisi"]
[Black "Nodirbek Abdusattorov"]
[Result "1-0"]
[EventDate "2024.11.13"]
[WhiteElo "2799"]
[BlackElo "2777"]
[PlyCount "110"]

1. d4 d5 2. Nf3 Nf6 3. e3 e6 4. Bd3 b6 5. O-O Bb7 6. b3 Be7 7. Bb2 O-O 8. c4 Nbd7 9. cxd5 exd5 10. Nc3 a6 11. Ne5 Bd6 12. f4 c5 13. Qf3 Rc8 14. Na4 b5 15. Nxd7 Nxd7 16. Nxc5 Nxc5 17. dxc5 Bxc5 18. Qh3 h6 19. Rf3 d4 20. Qf5 g6 21. Rg3 Rc6 22. Qh5 Re8 23. Bxg6 fxg6 24. Rxg6+ Rxg6 25. Qxg6+ Kf8 26. Qxh6+ Kg8 27. Qg6+ Kf8 28. Qf5+ Kg8 29. Qxc5 Rxe3 30. Qxd4 Qxd4 31. Bxd4 Re4 32. Rd1 Rxf4 33. Be3 Rf7 34. b4 Kh7 35. g4 Bc8 36. Rd4 Rf3 37. Bd2 Ra3 38. Kf2 Rxa2 39. Kg3 Ra3+ 40. Kh4 Kg6 41. Rd6+ Kf7 42. Kg5 Rh3 43. Bf4 Rh8 44. Rf6+ Ke8 45. Rg6 Kf7 46. Be5 Rg8 47. Rxg8 Kxg8 48. h4 Kf7 49. h5 Be6 50. Kf4 Kg8 51. g5 Kh7 52. Kg3 Bf7 53. g6+ Bxg6 54. hxg6+ Kxg6 55. Kf4 Kf7 1-0

[Event "Tata Steel India Rapid"]
[Site "Kolkata IND"]
[Date "2024.11.14"]
[Round "4"]
[White "Wesley So"]
[Black "Arjun Erigaisi"]
[Result "1-0"]
[EventDate "2024.11.13"]
[WhiteElo "2747"]
[BlackElo "2799"]
[PlyCount "78"]

1. d4 d5 2. c4 e6 3. Nc3 c6 4. e3 Nd7 5. Qc2 Bd6 6. Bd3 Ngf6 7. Nf3 O-O 8. O-O dxc4 9. Bxc4 a6 10. e4 e5 11. Rd1 Qc7 12. h3 b5 13. Bb3 Bb7 14. dxe5 Nxe5 15. Nd4 Ng6 16. Nf5 Bh2+ 17. Kh1 Be5 18. Bg5 c5 19. Bd5 c4 20. a4 Nxd5 21. Nxd5 Bxd5 22. exd5 f6 23. d6 Qd7 24. Be3 Kh8 25. axb5 axb5 26. Rxa8 Rxa8 27. Qe4 Rc8 28. Ra1 Qd8 29. Qb7 Qf8 30. Bh6 gxh6 31. Ra7 Qg8 32. Nxh6 Rb8 33. Qc7 Bxd6 34. Nf7+ Kg7 35. Nxd6+ Kh6 36. Nf7+ Kg7 37. Nd8+ Kh6 38. Qxb8 Qd5 39. Nf7+ 1-0

[Event "Tata Steel India Rapid"]
[Site "Kolkata IND"]
[Date "2024.11.14"]
[Round "5"]
[White "Arjun Erigaisi"]
[Black "Vincent Keymer"]
[Result "1/2-1/2"]
[EventDate "2024.11.13"]
[WhiteElo "2799"]
[BlackElo "2733"]
[PlyCount "132"]

1. e4 e5 2. d4 exd4 3. Qxd4 Nc6 4. Qe3 Nf6 5. Bd2 Bb4 6. c3 Ba5 7. c4 Bxd2+ 8. Nxd2 d6 9. O-O-O Ng4 10. Qg3 Qf6 11. Nh3 h5 12. f4 h4 13. Qa3 Qd4 14. Re1 Qc5 15. Qc3 Qd4 16. Qf3 a5 17. Nb1 a4 18. Na3 Qc5 19. Qc3 Qd4 20. Nb5 Qxc3+ 21. bxc3 Kd8 22. c5 dxc5 23. Bc4 Bd7 24. Bxf7 Nce5 25. fxe5 Nxe5 26. Rd1 Nxf7 27. Rhf1 Ne5 28. Rd5 Re8 29. Rf5 b6 30. Na3 Ng4 31. Rg5 Nf6 32. Rd1 Re7 33. e5 Ne4 34. e6 Nxg5 35. Nxg5 Kc8 36. exd7+ Rxd7 37. Re1 Kb7 38. Ne6 Rf7 39. Nb5 Rc8 40. Re4 Rf1+ 41. Kb2 Rf2+ 42. Ka3 Rxg2 43. Rxh4 Re2 44. Nexc7 Rxc7 45. Nxc7 Kxc7 46. Rxa4 Rg2 47. h4 Kc6 48. Rf4 b5 49. c4 b4+ 50. Kb3 Rg3+ 51. Kb2 Kd6 52. Re4 Rg2+ 53. Kb3 Rg1 54. Kb2 Rg3 55. Kc2 Kd7 56. Kb2 Kc7 57. Re5 Kd6 58. Re4 Rg1 59. Kc2 Rg2+ 60. Kb3 Kc7 61. Re5 Kc6 62. Rg5 Rxg5 63. hxg5 g6 64. Ka4 Kb6 65. a3 bxa3 66. Kxa3 1/2-1/2

[Event "Tata Steel India Rapid"]
[Site "Kolkata IND"]
[Date "2024.11.14"]
[Round "6"]
[White "Arjun Erigaisi"]
[Black "Magnus Carlsen"]
[Result "0-1"]
[EventDate "2024.11.13"]
[WhiteElo "2799"]
[BlackElo "2831"]
[PlyCount "80"]

1. e4 c5 2. Nf3 e6 3. d4 cxd4 4. Nxd4 Nc6 5. Nc3 Qc7 6. Be3 a6 7. a3 Nxd4 8. Qxd4 b5 9. Be2 Bb7 10. O-O-O Rc8 11. Kb1 Nf6 12. e5 Nd5 13. Nxd5 Bxd5 14. Bd3 Bxg2 15. Rhg1 Bd5 16. h4 g6 17. Qf4 Be7 18. h5 Rf8 19. Bd4 Qb7 20. Rg3 b4 21. axb4 Qxb4 22. Bxa6 Rb8 23. Be2 Ra8 24. b3 Qa5 25. Bb2 Qa2+ 26. Kc1 Rc8 27. c4 gxh5 28. Qd4 h4 29. Rh3 Rg8 30. Kc2 Qa8 31. Rc3 Be4+ 32. Bd3 Bf3 33. Ra1 Qc6 34. Bxh7 Rg2 35. Ba3 Bxa3 36. Rxa3 h3 37. Qh4 h2 38. Ra1 Rg1 39. Qxh2 Rxa1 40. Bg6 Kd8 0-1